Nezamýšlené důsledky označení "sociálně vyloučená lokalita"
Vnímanie "nálepky" sociálne vylúčená lokalita jej obyvateľmi a obyvateľmi susedstva.
Enregistré dans:
| Auteur principal: | |
|---|---|
| Autres auteurs: | |
| Format: | Chapitre de livre |
| Langue: | tchèque |
| Sujets: | |
| Tags: |
Pas de tags, Soyez le premier à ajouter un tag!
|
MARC
| LEADER | 00000naa a2200000 4500 | ||
|---|---|---|---|
| 001 | 0220701 | ||
| 005 | 20221019163749.6 | ||
| 041 | 0 | |a cze | |
| 044 | |a CZ | ||
| 245 | 1 | 0 | |a Nezamýšlené důsledky označení "sociálně vyloučená lokalita" |c Monika Bjelončíková, Vendula Gojová |
| 520 | |a Vnímanie "nálepky" sociálne vylúčená lokalita jej obyvateľmi a obyvateľmi susedstva. | ||
| 610 | 2 | 0 | |a vylúčenie sociálne |
| 610 | 2 | 0 | |a Česko |
| 610 | 2 | 0 | |a politika sociálna |
| 610 | 2 | 0 | |a byty sociálne |
| 100 | 1 | |a Bjelončíková, Monika | |
| 700 | 1 | |a Gojová, Vendula | |